000 00461nam a2200181Ia 4500
005 20140311163054.0
008 140130s9999 xx 000 0 und d
020 _a0439679575
050 _aPZ 7
_b.P154 2004
100 _aPalatini, Margie
_923388
245 _cPalatini, Margie
_aBad boy's /
260 _bScholastic,
_c2004.
_aNew York :
300 _a37 p. :
_bcol. ill. ;
_c22 cm.
521 _aG2
526 _c300
942 _cBK
_2lcc
999 _c40120
_d40120